|
|
|
|
| LEADER |
00000nam a22000007i 4500 |
| 001 |
IT\ICCU\LO1\0713073 |
| 003 |
ItRI |
| 005 |
20260115232245.0 |
| 008 |
021008s1985 it |||||| ||||| |||||c |
| 040 |
|
|
|b ita
|c importazione bologna sebina
|
| 041 |
|
7 |
|a ita
|2 ISO-639-2
|
| 082 |
|
|
|a 852.914
|9 LETTERATURA DRAMMATICA ITALIANA, 1945-1999
|2 21
|
| 100 |
1 |
|
|a De Filippo, Eduardo,
|d (1900-1984)
|0 IT\ICCU\CFIV\011786
|4 aut
|
| 245 |
1 |
0 |
|a Teatro /
|c De Filippo.
|
| 260 |
|
|
|a Milano :
|b CDE,
|c c1985
|
| 300 |
|
|
|a XII, 341 p. ;
|c 21 cm
|
| 500 |
|
|
|a Contiene: Natale in casa Cupiello, Questi fantasmi, Filumena Marturano, Sabato, domenica e lunedì.
|
| 650 |
|
7 |
|a Teatro italiano
|
| 777 |
1 |
|
|w IT\ICCU\VIA\0043966
|t Natale in casa Cupiello.
|a De Filippo, Eduardo (1900-1984)
|0 IT\ICCU\CFIV\011786
|
| 777 |
1 |
|
|w IT\ICCU\VIA\0043971
|t Questi fantasmi!
|a De Filippo, Eduardo (1900-1984)
|0 IT\ICCU\CFIV\011786
|
| 777 |
1 |
|
|w IT\ICCU\VIA\0043972
|t Filumena Marturano.
|a De Filippo, Eduardo (1900-1984)
|0 IT\ICCU\CFIV\011786
|
| 777 |
1 |
|
|w IT\ICCU\VIA\0043977
|t Sabato, domenica e lunedi.
|a De Filippo, Eduardo (1900-1984)
|0 IT\ICCU\CFIV\011786
|
| 790 |
1 |
|
|a De Filippo, Edoardo
|3 IT\ICCU\SBNV\025710
|z De Filippo, Eduardo (1900-1984)
|
| 942 |
|
|
|2 ddc
|c BK
|n 0
|
| 952 |
|
|
|0 0
|1 0
|4 0
|6 DOC_852_914000000000000_DEF
|7 0
|9 23102
|a BO
|b BO
|d 2026-01-15
|i 9243
|l 0
|o DOC 852.914 DEF
|p BO9243
|r 2026-01-15 23:22:45
|w 2026-01-15
|x [Sebina 5] [1 v.]
|y BK
|z 1 v.
|
| 999 |
|
|
|c 19701
|d 19701
|